[Event "Benidorm op-B"]
[Site "Benidorm"]
[Date "2022.12.06"]
[Round "4"]
[White "Mallevaey, Guillaume"]
[Black "Palao, Adriana"]
[Result "1/2-1/2"]
[WhiteElo "1761"]
[BlackElo "1972"]
[PlyCount "96"]
[EventDate "2022.12.03"]
[EventType "swiss"]
[EventRounds "9"]
[EventCountry "ESP"]
[SourceTitle "CBM 212 Extra"]
[Source "ChessBase"]
[SourceDate "2023.03.31"]
[SourceVersion "1"]
[SourceVersionDate "2023.03.31"]
[SourceQuality "1"]

1. c4 Nf6 2. g3 e5 3. Nc3 c6 4. e4 d5 5. d3 Bc5 6. Qe2 d4 7. Nd1 Bb4+ 8. Bd2 Bxd2+ 9. Qxd2 h6 10. Bg2 Nbd7 11. f4 Qe7 12. Nf3 c5 13. Nf2 Rb8 14. a4 b6 15. Rb1 a5 16. fxe5 Nxe5 17. Nxe5 Qxe5 18. Qf4 Qxf4 19. gxf4 Nh5 20. f5 Bd7 21. b3 Nf4 22. Bf3 g6 23. f6 g5 24. h4 g4 25. Bxg4 Bxg4 26. Nxg4 Nxd3+ 27. Ke2 Nf4+ 28. Kf3 Ng6 29. h5 Nf8 30. Rhg1 Ne6 31. Rg3 Ng5+ 32. Kf4 Kd7 33. Kf5 Rbe8 34. e5 Ne6 35. Rbg1 Reg8 36. Nf2 Rg5+ 37. Rxg5 Nxg5 38. Nd3 Re8 39. Rg3 Ne6 40. Nf2 Ng5 41. Ng4 Rh8 42. Nxh6 Rxh6 43. Kxg5 Rh8 44. Rh3 Ke6 45. Kf4 Rd8 46. Rd3 Rh8 47. Rh3 Rd8 48. Rd3 Rh8 1/2-1/2

[Event "Cappelle Online Blitz op"]
[Site "Europe Echecs INT"]
[Date "2022.01.09"]
[Round "5"]
[White "Guenin, Pierre"]
[Black "Mallevaey, Guillaume"]
[Result "0-1"]
[WhiteElo "1347"]
[BlackElo "1804"]
[PlyCount "74"]
[EventDate "2022.01.09"]
[EventType "swiss (blitz)"]
[EventRounds "11"]
[EventCountry "FRA"]
[SourceTitle "EXT 2023"]
[Source "ChessBase"]
[SourceDate "2022.10.05"]
[SourceVersion "1"]
[SourceVersionDate "2022.10.05"]
[SourceQuality "1"]

1. e4 c6 2. f4 e5 3. Nf3 exf4 4. Be2 d6 5. 0-0 Nf6 6. d3 Be7 7. Bxf4 0-0 8. Bg5 Nbd7 9. Nbd2 h6 10. Bh4 Nb6 11. c4 Bg4 12. a4 Qd7 13. b4 Rad8 14. a5 Na8 15. Qb3 Nc7 16. Qc3 Nh7 17. Bxe7 Qxe7 18. Rf2 d5 19. cxd5 cxd5 20. Qc5 Qxc5 21. bxc5 dxe4 22. Nxe4 Ne6 23. Rc1 Bxf3 24. Bxf3 Rxd3 25. Bh5 g6 26. Bg4 f5 27. Be2 Rd5 28. Nd6 Rxc5 29. Rxc5 Nxc5 30. Bc4+ Kg7 31. Re2 Kf6 32. Ne8+ Kg5 33. h3 Nf6 34. Ng7 Nfe4 35. Bd5 Kf6 36. Bxe4 Nxe4 37. Nxf5 gxf5 0-1

[Event "Cappelle Online Blitz op"]
[Site "Europe Echecs INT"]
[Date "2022.01.09"]
[Round "1"]
[White "Postny, Evgeny"]
[Black "Mallevaey, Guillaume"]
[Result "1-0"]
[WhiteElo "2568"]
[BlackElo "1804"]
[PlyCount "89"]
[EventDate "2022.01.09"]
[EventType "swiss (blitz)"]
[EventRounds "11"]
[EventCountry "FRA"]
[SourceTitle "EXT 2023"]
[Source "ChessBase"]
[SourceDate "2022.10.05"]
[SourceVersion "1"]
[SourceVersionDate "2022.10.05"]
[SourceQuality "1"]

1. d4 d5 2. Nf3 Nf6 3. c4 c6 4. Nc3 dxc4 5. a4 Bf5 6. Nh4 Bd7 7. e4 e5 8. dxe5 Ng4 9. Nf5 Nxe5 10. Nd6+ Bxd6 11. Qxd6 Qe7 12. Qxe7+ Kxe7 13. Bf4 Nd3+ 14. Bxd3 cxd3 15. 0-0-0 Na6 16. Rxd3 Rhd8 17. Rhd1 f6 18. Bd6+ Ke6 19. Ba3 c5 20. Nb5 Rac8 21. Nxa7 Rb8 22. Nb5 b6 23. b3 Ke7 24. Nc3 Be6 25. Rxd8 Rxd8 26. Rxd8 Kxd8 27. Kc2 Kd7 28. Nb1 Kd6 29. Nd2 Ke5 30. g3 Kd6 31. f4 Nb8 32. Bb2 Nc6 33. Bc3 Bg4 34. Nc4+ Kc7 35. Ne3 Bf3 36. Kd3 Na7 37. Nf5 g6 38. Nh4 Bd1 39. a5 Bxb3 40. axb6+ Kxb6 41. Bxf6 c4+ 42. Kc3 Nb5+ 43. Kb4 Nd4 44. Bxd4+ Kc6 45. Nf3 1-0

[Event "Cappelle Online Blitz op"]
[Site "Europe Echecs INT"]
[Date "2021.03.07"]
[Round "11"]
[White "Mallevaey, Guillaume"]
[Black "Boissonnier, Kimo"]
[Result "0-1"]
[WhiteElo "1804"]
[BlackElo "2016"]
[PlyCount "56"]
[EventDate "2021.03.07"]
[EventType "swiss (blitz)"]
[EventRounds "11"]
[EventCountry "FRA"]
[SourceTitle "CBM 201 Extra"]
[Source "ChessBase"]
[SourceDate "2021.05.31"]
[SourceVersion "1"]
[SourceVersionDate "2021.05.31"]
[SourceQuality "1"]

1. c4 c6 2. g3 Nf6 3. Bg2 d5 4. Nf3 Bg4 5. b3 e6 6. Bb2 dxc4 7. bxc4 Bb4 8. 0-0 0-0 9. Nc3 Nbd7 10. Qc2 Nb6 11. d3 Rc8 12. a4 a5 13. Ne5 Bf5 14. e4 Bg6 15. Nxg6 hxg6 16. Rfd1 e5 17. Ne2 Qe7 18. f4 Bc5+ 19. d4 exd4 20. e5 Ng4 21. Bxd4 Bxd4+ 22. Nxd4 Ne3 23. Qe4 Nxd1 24. Rxd1 Qc5 25. Kh1 Qxc4 26. f5 gxf5 27. Qxf5 Qxa4 28. e6 Qxd1+ 0-1

[Event "Cappelle Online Blitz op"]
[Site "Europe Echecs INT"]
[Date "2021.03.07"]
[Round "3"]
[White "Mallevaey, Guillaume"]
[Black "Mallassagne, Francois Eric"]
[Result "0-1"]
[WhiteElo "1804"]
[BlackElo "2149"]
[PlyCount "58"]
[EventDate "2021.03.07"]
[EventType "swiss (blitz)"]
[EventRounds "11"]
[EventCountry "FRA"]
[SourceTitle "CBM 201 Extra"]
[Source "ChessBase"]
[SourceDate "2021.05.31"]
[SourceVersion "1"]
[SourceVersionDate "2021.05.31"]
[SourceQuality "1"]

1. e4 e5 2. Nc3 Nf6 3. Bc4 c6 4. Qf3 d5 5. exd5 Bg4 6. Qe3 Bd6 7. dxc6 Nxc6 8. Bb5 0-0 9. Bxc6 bxc6 10. d3 Re8 11. f3 Bf5 12. Nge2 Qe7 13. Ne4 Bb4+ 14. N2c3 Nd5 15. Qd2 Rab8 16. 0-0 Bxe4 17. fxe4 Nxc3 18. bxc3 Qc5+ 19. d4 Qxc3 20. Qf2 Qxa1 21. Qxf7+ Kh8 22. Bh6 Qxd4+ 23. Kh1 Bf8 24. Bg5 Qxe4 25. h4 Qg6 26. Qc4 Rb2 27. Kh2 h6 28. Bc1 Rxc2 29. Qa6 Qxg2# 0-1

[Event "Cappelle Online Blitz op"]
[Site "Europe Echecs INT"]
[Date "2021.03.07"]
[Round "8"]
[White "Savic, Natasa"]
[Black "Mallevaey, Guillaume"]
[Result "0-1"]
[WhiteElo "1394"]
[BlackElo "1804"]
[PlyCount "112"]
[EventDate "2021.03.07"]
[EventType "swiss (blitz)"]
[EventRounds "11"]
[EventCountry "FRA"]
[SourceTitle "CBM 201 Extra"]
[Source "ChessBase"]
[SourceDate "2021.05.31"]
[SourceVersion "1"]
[SourceVersionDate "2021.05.31"]
[SourceQuality "1"]

1. e4 c6 2. Nf3 d5 3. d3 dxe4 4. Ng5 Nf6 5. Nxe4 Nxe4 6. dxe4 Qxd1+ 7. Kxd1 e5 8. Bc4 Nd7 9. f3 Nb6 10. Bb3 a5 11. a4 Bc5 12. Ke2 Ke7 13. Be3 Bxe3 14. Kxe3 Be6 15. Bxe6 Kxe6 16. Nd2 Rhd8 17. Rhd1 Rd7 18. b3 Rad8 19. Ke2 f5 20. g3 fxe4 21. Nxe4 Rxd1 22. Rxd1 Rxd1 23. Kxd1 Nd7 24. Ng5+ Kf6 25. Nxh7+ Kg6 26. Ke2 Kxh7 27. Ke3 Kg6 28. Ke4 Kf6 29. h4 g6 30. g4 Nc5+ 31. Ke3 Ne6 32. Ke4 Nf4 33. g5+ Ke6 34. c3 Ng2 35. b4 Nxh4 36. bxa5 Ng2 37. c4 Kd6 38. Kd3 Nf4+ 39. Ke4 Ne6 40. c5+ Nxc5+ 41. Ke3 Nxa4 42. f4 exf4+ 43. Kxf4 Nc5 44. Ke3 Nb3 45. a6 bxa6 46. Kd3 Nc5+ 47. Kd4 a5 48. Kc4 a4 49. Kb4 Ke5 50. Kxc5 a3 51. Kxc6 a2 52. Kd7 a1Q 53. Ke7 Kf5 54. Kf7 Qa7+ 55. Kg8 Kxg5 56. Kh8 Kh6 0-1

[Event "Cappelle Online Blitz op"]
[Site "Europe Echecs INT"]
[Date "2021.03.07"]
[Round "6"]
[White "Van Coppenolle, Lander"]
[Black "Mallevaey, Guillaume"]
[Result "1-0"]
[WhiteElo "1442"]
[BlackElo "1804"]
[PlyCount "39"]
[EventDate "2021.03.07"]
[EventType "swiss (blitz)"]
[EventRounds "11"]
[EventCountry "FRA"]
[SourceTitle "CBM 201 Extra"]
[Source "ChessBase"]
[SourceDate "2021.05.31"]
[SourceVersion "1"]
[SourceVersionDate "2021.05.31"]
[SourceQuality "1"]

1. e4 c6 2. d4 d5 3. e5 Bf5 4. Nf3 e6 5. Be2 Ne7 6. 0-0 Nd7 7. Be3 c5 8. c4 dxc4 9. Bxc4 cxd4 10. Nxd4 a6 11. Nxf5 Nxf5 12. Nc3 Nxe3 13. fxe3 Bc5 14. Ne4 Bxe3+ 15. Kh1 Bh6 16. Nd6+ Kf8 17. Rxf7+ Kg8 18. Bxe6 Nxe5 19. Rf6+ Nf7 20. Rxf7 1-0

[Event "Cappelle Online Bullet op"]
[Site "Europe Echecs INT"]
[Date "2021.03.05"]
[Round "7"]
[White "Grabowski, Marek"]
[Black "Mallevaey, Guillaume"]
[Result "1-0"]
[WhiteElo "1827"]
[BlackElo "1804"]
[PlyCount "39"]
[EventDate "2021.03.05"]
[EventType "swiss (blitz)"]
[EventRounds "15"]
[EventCountry "FRA"]
[SourceTitle "EXT 2022"]
[Source "ChessBase"]
[SourceDate "2021.10.06"]
[SourceVersion "1"]
[SourceVersionDate "2021.10.06"]
[SourceQuality "1"]

1. e4 c6 2. d4 d5 3. Nc3 dxe4 4. Nxe4 Nf6 5. Nxf6+ exf6 6. Nf3 Bd6 7. h3 0-0 8. Bd3 Nd7 9. 0-0 Re8 10. c3 Nf8 11. Be3 Ne6 12. Rc1 Qc7 13. Bb1 c5 14. Qc2 cxd4 15. Qxh7+ Kf8 16. Nxd4 Nxd4 17. Bxd4 Bh2+ 18. Kh1 Bf4 19. Rce1 Bh6 20. Qh8# 1-0

[Event "Cappelle Online Bullet op"]
[Site "Europe Echecs INT"]
[Date "2021.03.05"]
[Round "5"]
[White "Haussernot, Cecile"]
[Black "Mallevaey, Guillaume"]
[Result "1-0"]
[WhiteElo "2171"]
[BlackElo "1804"]
[PlyCount "73"]
[EventDate "2021.03.05"]
[EventType "swiss (blitz)"]
[EventRounds "15"]
[EventCountry "FRA"]
[SourceTitle "EXT 2022"]
[Source "ChessBase"]
[SourceDate "2021.10.06"]
[SourceVersion "1"]
[SourceVersionDate "2021.10.06"]
[SourceQuality "1"]

1. e4 c6 2. d4 d5 3. e5 Bf5 4. h4 h5 5. Bg5 Qa5+ 6. c3 e6 7. Bd3 Bxd3 8. Qxd3 Be7 9. Nh3 Bxg5 10. hxg5 Ne7 11. Nf4 g6 12. Nd2 Nf5 13. f3 Ng3 14. Rh3 h4 15. Nxg6 Kd7 16. Nxh8 Qd8 17. Nxf7 Qe7 18. g6 Na6 19. 0-0-0 Rg8 20. f4 Nc7 21. Nf3 Ne8 22. Nxh4 Nf5 23. Nxf5 exf5 24. Qxf5+ Qe6 25. Qxe6+ Kxe6 26. Rh6 Ng7 27. g4 b6 28. f5+ Nxf5 29. gxf5+ Kxf5 30. Rf1+ Ke4 31. Ng5+ Ke3 32. Rh3+ Ke2 33. Rf6 Rg7 34. Ne6 Rg8 35. Nf4+ Kf2 36. Kd2 Kg1 37. Ne2+ 1-0

[Event "Cappelle Online Bullet op"]
[Site "Europe Echecs INT"]
[Date "2021.03.05"]
[Round "1"]
[White "Mallevaey, Guillaume"]
[Black "Brunner, Nicolas"]
[Result "0-1"]
[WhiteElo "1804"]
[BlackElo "2418"]
[PlyCount "96"]
[EventDate "2021.03.05"]
[EventType "swiss (blitz)"]
[EventRounds "15"]
[EventCountry "FRA"]
[SourceTitle "EXT 2022"]
[Source "ChessBase"]
[SourceDate "2021.10.06"]
[SourceVersion "1"]
[SourceVersionDate "2021.10.06"]
[SourceQuality "1"]

1. c4 c5 2. g3 Nc6 3. Bg2 g6 4. Nc3 Bg7 5. e4 e6 6. Nge2 Nge7 7. 0-0 a6 8. d3 0-0 9. Rb1 b5 10. b3 b4 11. Na4 a5 12. Be3 d6 13. h3 Nd4 14. Nxd4 cxd4 15. Bd2 Bb7 16. f4 f5 17. Qe2 Kh8 18. exf5 Bxg2 19. Qxg2 Nxf5 20. Rbe1 Re8 21. Re2 e5 22. Rfe1 Ra7 23. fxe5 dxe5 24. Re4 Rae7 25. Bg5 h6 26. Bxe7 Qxe7 27. Nb6 Qg5 28. Nd5 Qxg3 29. Qxg3 Nxg3 30. Rg4 Nh5 31. Rxg6 Rf8 32. Rf1 Rd8 33. Rf7 Kh7 34. Ra6 Rg8 35. Nf6+ Nxf6 36. Raxf6 Kh8 37. Ra6 e4 38. Raa7 exd3 39. Kf2 d2 40. Ke2 d3+ 41. Kxd2 Bc3+ 42. Kxd3 Rd8+ 43. Ke4 Re8+ 44. Kf5 Kg8 45. Rg7+ Bxg7 46. Rxg7+ Kxg7 47. Kf4 Re2 48. Kf3 Rxa2 0-1

[Event "FRA-ch Blitz Online Qual"]
[Site "Europe Echecs INT"]
[Date "2020.05.16"]
[Round "4"]
[White "Joly, Charlotte"]
[Black "Mallevaey, Guillaume"]
[Result "0-1"]
[WhiteElo "1454"]
[BlackElo "1823"]
[PlyCount "156"]
[EventDate "2020.05.16"]
[EventType "swiss (blitz)"]
[EventRounds "15"]
[EventCountry "FRA"]
[SourceTitle "CBM 196 Extra"]
[Source "ChessBase"]
[SourceDate "2020.07.31"]
[SourceVersion "1"]
[SourceVersionDate "2020.07.31"]
[SourceQuality "1"]

1. d4 d5 2. Bf4 Nf6 3. e3 c5 4. c3 Nc6 5. Nf3 Qb6 6. Qb3 c4 7. Qxb6 axb6 8. Nbd2 b5 9. a3 b4 10. Be2 e6 11. 0-0 b3 12. Rfe1 Be7 13. Ne5 Nxe5 14. Bxe5 0-0 15. Bf3 Nd7 16. Bg3 Nb6 17. e4 Na4 18. Rab1 Bxa3 19. bxa3 Nxc3 20. Rbc1 Na2 21. Rb1 Rxa3 22. exd5 exd5 23. Bxd5 Bf5 24. Rb2 c3 25. Rxb3 cxd2 26. Rd1 Rxb3 27. Bxb3 Re8 28. f3 Nb4 29. h3 Re2 30. Bc4 Bd3 31. Bxd3 Nxd3 32. Kf1 Re8 33. Rxd2 Nb4 34. Rb2 Nc6 35. Rxb7 Nxd4 36. Rb8 Rxb8 37. Bxb8 f6 38. Kf2 Kf7 39. Ke3 Nf5+ 40. Kf2 Ke6 41. g4 Ne7 42. Bg3 g6 43. Bb8 Nd5 44. Bg3 h5 45. Ke2 f5 46. gxh5 gxh5 47. Kf2 Nc3 48. Bf4 Nd5 49. Kg3 Kf6 50. Bd2 Kg6 51. h4 Ne7 52. Kf4 Kf6 53. Bc3+ Kg6 54. Ke5 Nc6+ 55. Ke6 Na7 56. Bd2 Nb5 57. Bg5 Nd4+ 58. Ke5 Nxf3+ 59. Kf4 Nxg5 60. hxg5 h4 61. Kf3 Kxg5 62. Kg2 Kg4 63. Kf2 f4 64. Kg2 h3+ 65. Kh2 f3 66. Kg1 Kg3 67. Kh1 Kf2 68. Kh2 Ke1 69. Kxh3 f2 70. Kg4 f1Q 71. Kg5 Ke2 72. Kg6 Qf4 73. Kg7 Ke3 74. Kg8 Qc7 75. Kf8 Kf4 76. Ke8 Kf5 77. Kf8 Kf6 78. Kg8 Qg7# 0-1

[Event "London Classic op U2050-A 8th"]
[Site "London"]
[Date "2016.12.10"]
[Round "2"]
[White "Mallevaey, Guillaume"]
[Black "Saravanan, Aadarsh"]
[Result "1-0"]
[WhiteElo "1835"]
[BlackElo "1584"]
[PlyCount "55"]
[EventDate "2016.12.09"]
[EventType "swiss"]
[EventRounds "5"]
[EventCountry "ENG"]
[SourceTitle "EXT 2019"]
[Source "ChessBase"]
[SourceDate "2018.10.10"]
[SourceVersion "1"]
[SourceVersionDate "2018.10.10"]
[SourceQuality "1"]

1. c4 Nf6 2. g3 c6 3. Bg2 d5 4. Nf3 g6 5. b3 Bg7 6. Bb2 0-0 7. e3 Nbd7 8. 0-0 Qb6 9. Qc2 Rd8 10. d4 Ne4 11. Nc3 Ndf6 12. Na4 Qa6 13. Ba3 e6 14. c5 Qa5 15. b4 Qc7 16. h3 Nd7 17. Bb2 e5 18. dxe5 Nxe5 19. Nd4 f5 20. Nc3 a6 21. Rac1 Nc4 22. Qe2 Bh6 23. Ba1 Nxg3 24. fxg3 Bxe3+ 25. Kh1 Bxd4 26. Nxd5 cxd5 27. Bxd4 Qxg3 28. Qe7 1-0